ბათუმის შოთა რუსთაველის სახელმწიფო უნივერსიტეტის ბიბლიოთეკა

Правоведение.Учебник. 2-е изд. переаб. и доп (ბიბ.ჩანაწერი № 36002)

000 -LEADER
fixed length control field 00572nam a2200217Ia 4500
001 - CONTROL NUMBER
control field 1901
003 - CONTROL NUMBER IDENTIFIER
control field GE_BSU
008 - FIXED-LENGTH DATA ELEMENTS--GENERAL INFORMATION
fixed length control field 181216s||||||||xx |||||||||||||| ||und||
020 ## - INTERNATIONAL STANDARD BOOK NUMBER
International Standard Book Number 9785948796451
040 ## - CATALOGING SOURCE
Transcribing agency GE_BSU
080 ## - UNIVERSAL DECIMAL CLASSIFICATION NUMBER
Universal Decimal Classification number 340.1(075.8)
245 ## - TITLE STATEMENT
Title Правоведение.Учебник. 2-е изд. переаб. и доп
245 ## - TITLE STATEMENT
Statement of responsibility, etc. [Отв. ред. Б.И. Пугинский]
260 ## - PUBLICATION, DISTRIBUTION, ETC.
Place of publication, distribution, etc. Москва
260 ## - PUBLICATION, DISTRIBUTION, ETC.
Name of publisher, distributor, etc. Юрайт
260 ## - PUBLICATION, DISTRIBUTION, ETC.
Date of publication, distribution, etc. 2007
300 ## - PHYSICAL DESCRIPTION
Extent 461 с.20см.
653 ## - INDEX TERM--UNCONTROLLED
Uncontrolled term Правоведение
942 ## - ADDED ENTRY ELEMENTS (KOHA)
Koha item type წიგნი
ეგზემპლარები
Withdrawn status Lost status Damaged status Not for loan Date acquired Barcode Date last seen Price effective from Koha item type
        2018-12-17 3859 2018-12-17 2018-12-17 წიგნი